000 00597nam a2200205 a 4500
001 BRCA_6569
005 20190320205516.0
008 300911s1910----fr-#######---#000-0#fre-#
041 _afre
044 _afr
050 4 _aQA55
_b.F75 1910
245 1 0 _aTables de logarithmes a six décimales pour les nombres et les lignes trigonometriques et tables de navegation
_cG. Friocourt.
260 _aParís
_bAugustin Challamel
_c1910
300 _a2 tomos en 1 volumen
_c27 cm.
500 _aL111
650 1 4 _aLogaritmos
_915852
650 1 4 _aNavegación
_915772
902 _aGFM
942 _2lcc
_cB
999 _c6253
_d6253